00380nam a2200133Ia 450000500170000000800410001702000150005808200130007310000190008624500420010526000400014730000130018750000460020020250627023405.0240331s9999 xx 000 0 und d a9552028205 bJAYa370 aJayasekara,U.D 0aSri lankawe paraniadyapana ithihasaya aColombobS. Gogage & Brothersc1999 a320 p ., aAncient educational history of Sri Lanka